01242nam a2200325Ia 4500001000700000008004100007020001800048035001600066041001000082084001300092110004300105245016000148260008700308300002100395650003200416650003900448650003000487650002400517650001300541710007100554710008000625901000600705903000700711904000800718953003700726999001700763910000900780942001500789952011200804021614221003s2005 xx 000 0 spa d a92-894-9797-1 aCENDO_14130 aspab aCD-06386 aCOMUNIDADES EUROPEAS.bComisión9138 0aInforme anual 2005 sobre la política de desarrollo de la Comunidad Europea y la ejecución de la ayuda exterior en 2004 :bresumen /cComisión Europea aBélgica :bOficina de Publicaciones Oficiales de las Comunidades Europeas,c2005 a19 p. ;c 30 cm aPOLITICA DE DESARROLLO9356 0aDESARROLLO ECONOMICO Y SOCIAL9116 aAYUDA AL DESARROLLO92160 aINFORME ANUAL95746 0aUE96902 aCOMUNIDADES EUROPEASbOficina de Publicaciones Oficiales,eed.915 aCOMUNIDADES EUROPEASbComisiónbOficina de Cooperación EuropeAid914172 a2 aNO a000 d2005-10-14yMONOGRAFIAoCD-06386 c14129d14129 a2005 cMONOGRAFIA 00104070aCENDObCENDOd2005-10-14l0oCD-06386pCENDO_14130r2022-10-05 00:00:00w2022-10-05yMONOGRAFIA